000 00415nam a2200109Ia 4500
008 171204s9999 xx 000 0 und d
245 _aCurriculum for Culturally Responsive Health Care: The Step-by-Step Guide for Cultural Competence Training
245 _cJeffrey Ring, Julie Nyquist, and Suzanne Mitchell
260 _c2016
650 _xHealth Education
856 _uhttp://down.ebook777.com/059/9781846192944.pdf
999 _c346379
_d346379